000 00359 a2200109 4500
001 ART_40769
005 20260410161646.0
008 260409a
245 1 0 _aAlgunas particularidades de la teoría de las correcciones simétricas
100 1 _aCaranta, Martín R.
773 0 _tConsultor tributario
_g- Año 10, Nº 117 (nov. 2016)
_wREV474
999 _c13838
_d13838